000 00779nam a22001937a 4500
999 _c168340
_d168340
005 20191004151539.0
010 _aUR-10522
020 _c350.00
_a9789350731024
035 _aU-9077
037 _bDBAD/PUB
_a-
082 _a440
100 _aشيخ مبين ا للہ
245 _aا ر د و ا و ر ا ڑ يا کا ا فسا نو ی ا د ب تر قی پسند ی کے تنا ظر ميں
_cشيخ مبين ا للہ
246 _b Urdu And Odia Fictions in the Perspective of Progressive Movement(Urdu)
_aby Dr. Sheikh Mobinullah
260 _aDelhi
_bEducational publishing House
_c2013 ء
270 _a3108,Vakil Street,Kucha Pandit, Lal Kuan
_bDelhi
_e110006
_k23216162
_l-
300 _a352ص
_c22 Cm(Hb)
942 _2ddc
_cUR
_h440
_mش ے خ